[Event "Municipality Cup"]
[Site "Tbilisi GEO"]
[Date "2010.05.19"]
[Round "5"]
[White "Namir,M"]
[Black "Morchiashvili,B"]
[Result "1/2-1/2"]
[WhiteElo "2182"]
[BlackElo "2370"]

1.Nf3 Nf6 2.c4 c5 3.Nc3 e6 4.g3 b6 5.Bg2 Bb7 6.O-O Be7 7.b3 O-O 8.Bb2 d6
9.Re1 a6 10.e4 Qc7 11.d4 cxd4 12.Nxd4 Nbd7 13.Qe2 Rfe8 14.Rad1 Rac8 15.f4 e5
16.fxe5 Nxe5 17.h3 Ng6 18.Nd5 Nxd5 19.exd5 Qd7 20.Qf2 Bf6 21.Nc6 Bxb2 22.Qxb2 Qf5
23.Qd4 Bxc6 24.dxc6 Rxe1+ 25.Rxe1 Qc5 26.Rd1 Kf8 27.Qxc5 dxc5 28.Rd7 Ne5
29.Rb7 Nxc6 30.Rxb6 Nb4 31.a3 Nc2 32.a4 Nb4 33.Rb7 Re8 34.Rc7 Re1+ 35.Kh2 Re5
36.h4 h6 37.Kh3 g5 38.hxg5 hxg5 39.Kg4 Kg7 40.Bd5 Nxd5 41.cxd5 Rxd5 42.Rc6 a5
43.Ra6 Rd3 44.Rxa5 Kg6 45.Ra6+ f6 46.Rb6 c4 47.bxc4 Rd4+ 48.Kf3 g4+ 49.Kf2 Rxc4
50.a5 Ra4 51.Rb5 Ra3 52.Rc5 Kf7  1/2-1/2

[Event "BSG Pinkster GpA"]
[Site "Bossum NED"]
[Date "2010.05.23"]
[Round "5"]
[White "Overeem,M"]
[Black "Balje,J"]
[Result "0-1"]
[WhiteElo "2238"]
[BlackElo "2186"]

1.c4 Nf6 2.Nc3 c5 3.Nf3 d5 4.cxd5 Nxd5 5.e4 Nb4 6.Bc4 Nd3+ 7.Ke2 Nf4+ 8.Kf1 Ne6
9.b4 cxb4 10.Ne2 Nc7 11.d4 e6 12.Bb2 Be7 13.h4 Nd7 14.Rh3 Nf6 15.e5 Nfd5
16.Rg3 Kf8 17.h5 h6 18.Qd3 Bd7 19.Kg1 Qe8 20.Nd2 Bb5 21.f4 Bxc4 22.Nxc4 Rc8
23.Rf1 Kg8 24.Nd6 Bxd6 25.exd6 Nb5 26.f5 Nxd6 27.f6 Nf5 28.fxg7 Rh7 29.Bc1 Nxg3
30.Nxg3 Rc3  0-1

[Event "Municipality Cup"]
[Site "Tbilisi GEO"]
[Date "2010.05.23"]
[Round "9"]
[White "Purtseladze,M"]
[Black "Maghalashvili,Da"]
[Result "0-1"]
[WhiteElo "2317"]
[BlackElo "2461"]

1.c4 Nf6 2.Nf3 c5 3.Nc3 b6 4.g3 Bb7 5.Bg2 g6 6.O-O Bg7 7.d4 cxd4 8.Nxd4 Bxg2
9.Kxg2 O-O 10.e4 Qc7 11.Nd5 Nxd5 12.cxd5 Qe5 13.Nf3 Qxe4 14.Re1 Qb4 15.a3 Qc5
16.Be3 Qc7 17.Bd4 Bxd4 18.Qxd4 d6 19.Re3 Na6 20.Rae1 Rae8 21.h4 f6 22.b4 Qb7
23.Rc3 Nc7 24.Rc6 e6 25.Qc4 Nxd5 26.Rxd6 Qf7 27.Nd4 Rc8 28.Rc6 Rxc6 29.Qxc6 e5
30.Ne6 Re8 31.Qxd5 Qxe6 32.Qb7 Qf7 33.Qc6 Rd8 34.Rc1 Kg7 35.Rc2 Rd7 36.a4 Rd4
37.Qc8 Rd7 38.a5 bxa5 39.bxa5 Qd5+ 40.Kh2 Qb7 41.a6 Qxc8 42.Rxc8 Kf7 43.Kg2 Ke6
44.Rc6+ Kf5 45.Rc3 h5 46.Rc6 e4 47.Kf1 Ke5 48.Ke2 Rd6 49.Rc5+ Kd4 50.Ra5 Rb6
51.Ra4+ Kd5 52.Ra2 Rb3 53.Ra5+ Ke6 54.Kd2 f5 55.Ke2 Kf6 56.Rc5 Rb6 57.Ra5 g5
58.hxg5+ Kxg5 59.Kf1 Rb2 60.Ra3 Kg4 61.Kg2 h4 62.gxh4 f4 63.h5 e3 64.h6 Rxf2+
65.Kg1 Kg3  0-1

[Event "2nd SCS Open"]
[Site "Bhubaneswar IND"]
[Date "2010.05.29"]
[Round "10"]
[White "Lalith,B"]
[Black "Padmini,R"]
[Result "1-0"]
[WhiteElo "2493"]
[BlackElo "2319"]

1.Nf3 Nf6 2.c4 c5 3.Nc3 d5 4.cxd5 Nxd5 5.d4 Nxc3 6.bxc3 g6 7.Bg5 Bg7 8.Qd2 Qa5
9.e3 Nc6 10.Rb1 a6 11.Bd3 O-O 12.Be4 h6 13.Bh4 g5 14.Bg3 Rd8 15.h4 g4 16.Bxc6 cxd4
17.cxd4 Qf5 18.e4 Qh7 19.Qa5 Rf8 20.Nd2 bxc6 21.Qc5 Be6 22.O-O Bxa2 23.Rb4 f5
24.Be5 fxe4 25.Qxc6 e3 26.fxe3 Qd3 27.Bxg7 Qxe3+ 28.Kh1 Kxg7 29.d5 Qxd2 30.Rxg4+ Kh8
31.Rff4 Qxf4 32.Rxf4 Rxf4 33.Qxh6+ Kg8 34.Qxf4 Rd8 35.Qg3+ Kh7 36.Qc7 Rxd5
37.Qc2+  1-0

[Event "XXIX Open A"]
[Site "Zalakaros HUN"]
[Date "2010.05.30"]
[Round "5"]
[White "Kabai,Z"]
[Black "Nagy,Ga1"]
[Result "0-1"]
[WhiteElo "2130"]
[BlackElo "2338"]

1.Nf3 c5 2.c4 Nf6 3.Nc3 d5 4.cxd5 Nxd5 5.d4 e6 6.g3 b6 7.Bg2 Bb7 8.O-O Nd7
9.Qa4 a6 10.Re1 b5 11.Qc2 cxd4 12.Nxd4 Rc8 13.a3 Bc5 14.e3 N7f6 15.Bd2 O-O
16.Nb3 Bb6 17.Qd3 Qe7 18.Rac1 Nxc3 19.Bxc3 Bxg2 20.Kxg2 Qb7+ 21.Kg1 Ne4 22.Bd4 Rcd8
23.Qc2 Ng5 24.Qc6 Nf3+ 25.Kf1 Qxc6 26.Rxc6 Bxd4 27.exd4 Nxe1 28.Kxe1 a5 29.Nxa5 Rxd4
30.Rc5 Rd5 31.Rc2 g5 32.Nc6 Kg7 33.Nb4 Re5+ 34.Kf1 Rd8 35.h3 h5 36.g4 hxg4
37.hxg4 Rd1+ 38.Kg2 Re4 39.f3 Rc4 40.Re2 Kf6 41.Na2 Ra1 42.Nc3 b4 43.axb4 Rxb4
44.Kf2 Ra6 45.Ke3 Rab6 46.Nd1 Rb3+ 47.Kf2 Kg6 48.Kg3 f5 49.gxf5+ exf5 50.Kg2 Rd3
51.Nc3 Rbd6 52.Kf2 Rd2 53.b4 g4 54.fxg4 fxg4 55.b5 g3+ 56.Kg2 Kf5 57.Kh3 Rh6+
58.Kg2 Rh2+ 59.Kf1 Rhxe2  0-1

[Event "3rd Mayor's Cup"]
[Site "Mumbai IND"]
[Date "2010.06.03"]
[Round "3"]
[White "Ovetchkin,R"]
[Black "Arun,Ka"]
[Result "1-0"]
[WhiteElo "2519"]
[BlackElo "2320"]

1.Nf3 Nf6 2.c4 c5 3.Nc3 b6 4.e4 d6 5.d4 cxd4 6.Nxd4 Bb7 7.Qe2 Nbd7 8.g4 g6
9.Bg2 Bg7 10.Be3 O-O 11.g5 Ne8 12.h4 e5 13.Nc2 f5 14.O-O-O f4 15.Bd2 h5 16.Bh3 Qe7
17.Nd5 Qf7 18.f3 Nc5 19.b4 Ne6 20.Bc3 Bc8 21.Qd3 Kh8 22.Kb1 N6c7 23.Bxc8 Rxc8
24.Bb2 Nxd5 25.cxd5 Qd7 26.Na3 Rf7 27.Qa6 Qb7 28.Qxb7 Rxb7 29.Rc1 Rxc1+ 30.Rxc1 Rc7
31.Nb5 Rxc1+ 32.Kxc1 a6 33.Na7 Kg8 34.b5 axb5 35.Nxb5 Kf7 36.Na7 Bf8 37.Nc8 b5
38.Ba3 Be7 39.Kd2 Bf8 40.Bb4 Be7 41.Ba5 Ng7 42.Nxe7 Kxe7 43.Kc3 Kd7 44.Kb4 Kc8
45.Kxb5 Kb7 46.Bb6 Ne8 47.a4 Ng7 48.a5 Ne8 49.a6+ Ka8 50.Kc6  1-0

[Event "XXIX Open A"]
[Site "Zalakaros HUN"]
[Date "2010.06.03"]
[Round "9"]
[White "Nagy,Ga1"]
[Black "Nemeth,D"]
[Result "1-0"]
[WhiteElo "2338"]
[BlackElo "2108"]

1.Nf3 Nf6 2.c4 c5 3.Nc3 b6 4.e4 d6 5.d4 cxd4 6.Nxd4 Bb7 7.Qe2 Nbd7 8.g4 h6
9.f4 Nc5 10.Bg2 Qd7 11.f5 O-O-O 12.b4 Na6 13.Ndb5 Kb8 14.Be3 g6 15.a4 e6
16.fxg6 fxg6 17.O-O Bg7 18.a5 Nxb4 19.Rfb1 Nc6 20.a6 d5 21.cxd5 exd5 22.Bf4+ Ka8
23.axb7+ Kxb7 24.exd5  1-0

[Event "Copper State Int A"]
[Site "Mesa USA"]
[Date "2010.06.05"]
[Round "3"]
[White "Ramirez,Alej"]
[Black "Andrianov,Nikolai"]
[Result "1-0"]
[WhiteElo "2556"]
[BlackElo "2409"]

1.c4 Nf6 2.Nc3 c5 3.Nf3 e6 4.g3 b6 5.Bg2 Bb7 6.O-O Be7 7.d4 cxd4 8.Qxd4 d6
9.Rd1 a6 10.Bg5 Nbd7 11.Qd2 O-O 12.Bf4 Ne8 13.Rac1 Qc7 14.Qe3 Bf6 15.g4 Rd8
16.g5 Bxc3 17.Qxc3 e5 18.Bg3 Nc5 19.Qe3 a5 20.b3 g6 21.Nh4 Bxg2 22.Kxg2 f6
23.Qd2 Qb7+ 24.f3 fxg5 25.Qxg5 Ne6 26.Qg4 Qe7 27.Kh1 Nf4 28.e3 Ne2 29.Rc2 Nxg3+
30.Qxg3 Ng7 31.Rg2 Nf5 32.Nxf5 Rxf5 33.Qg4 Rdf8 34.Rg3 R8f6 35.Qe4 Qc7 36.Rd5 Kg7
37.Kg2 h5 38.h4 Kh6 39.Kf2 Qf7 40.Rb5 Qc7 41.Ke2 Rf8 42.Rd5 R8f6 43.Rd1 Qc5
44.Qd5 Qxd5 45.Rxd5 g5 46.hxg5+ Rxg5 47.Kf2 Rfg6 48.Rxg5 Kxg5 49.f4+  1-0

[Event "3rd Mayor's Cup"]
[Site "Mumbai IND"]
[Date "2010.06.06"]
[Round "7"]
[White "Laxman,R"]
[Black "Sangma,R"]
[Result "1/2-1/2"]
[WhiteElo "2476"]
[BlackElo "2358"]

1.Nf3 Nf6 2.c4 c5 3.Nc3 g6 4.e4 Bg7 5.d4 cxd4 6.Nxd4 Nc6 7.Be3 Ng4 8.Qxg4 Nxd4
9.Qd1 Ne6 10.Be2 Qa5 11.Rc1 b6 12.Qd5 Rb8 13.Qxa5 bxa5 14.b3 Bd4 15.Kd2 d6
16.Rhd1 Bb7 17.Nd5 Bxd5 18.Bxd4 Nxd4 19.cxd5 Nxe2 20.Kxe2 Kd7 21.Rc6 Rb6
22.Rdc1 Rxc6 23.Rxc6 Rc8 24.Rc4 Rb8 25.Kd3 e6 26.Kd4 Rb5 27.dxe6+ fxe6 28.f4 e5+
29.fxe5 Rxe5 30.Ke3 h6 31.Rd4 Ke6 32.Kf3 Rb5 33.h4 Re5 34.Rc4 Kd7 35.g3 Rb5
36.Ra4 Ke6 37.Ke3 a6 38.Rc4 Kd7 39.g4 Re5 40.Rd4 Ke6 41.a4 d5 42.Kd3 g5 43.h5 Kd6
44.exd5 Re1 45.Kc3 Rc1+ 46.Kd2 Rg1 47.Kd3 Re1 48.Kd2 Rb1 49.Kc2 Rg1 50.Kb2 Rg2+
51.Kc3 Rg1 52.b4 Rg3+ 53.Kc4 Rg1 54.bxa5 Rc1+ 55.Kb4 Rc5 56.Kb3 Rxa5 57.Rb4 Rxd5
58.Rb6+ Kc5 59.Rxh6 Rd3+ 60.Kc2 Rg3 61.Rxa6 Rxg4 62.Kd3 Rh4 63.Ra5+ Kb6 64.Rxg5 Rxa4
65.Ke3 Kc6 66.Kf3 Kd7 67.Re5 Kd6 68.Rb5 Ke6 69.h6 Kf7 70.Rb6  1/2-1/2

[Event "9th TCh-BIH Premier"]
[Site "Bihac BIH"]
[Date "2010.06.08"]
[Round "4"]
[White "Dumpor,A"]
[Black "Damljanovic,B"]
[Result "0-1"]
[WhiteElo "2407"]
[BlackElo "2539"]

1.c4 c5 2.Nc3 Nf6 3.Nf3 e6 4.g3 b6 5.Bg2 Bb7 6.O-O a6 7.b3 d6 8.d4 cxd4 9.Qxd4 Nbd7
10.Rd1 Be7 11.Bb2 O-O 12.h3 Qc7 13.Rac1 Rfd8 14.Qe3 Rac8 15.g4 Nf8 16.g5 Nh5
17.Na4 Nd7 18.Bd4 Nc5 19.Nc3 Rb8 20.b4 Nd7 21.Nd5 exd5 22.Qxe7 dxc4 23.g6 hxg6
24.Ng5 Rf8 25.Bxb7 Rxb7 26.Be3 b5 27.Rxd6 Nb8 28.Qe5 Qe7  0-1

[Event "9th TCh-BIH Premier"]
[Site "Bihac BIH"]
[Date "2010.06.13"]
[Round "9"]
[White "Kovacevic,Bl"]
[Black "Perunovic,Mil"]
[Result "1/2-1/2"]
[WhiteElo "2471"]
[BlackElo "2574"]

1.c4 Nf6 2.Nc3 c5 3.Nf3 e6 4.g3 b6 5.Bg2 Bb7 6.O-O a6 7.d4 cxd4 8.Qxd4 d6
9.Rd1 Nbd7 10.b3 Be7 11.e4 Qc8 12.Bb2 O-O 13.Rac1 Re8 14.h3 Bf8 15.Nh2  1/2-1/2

[Event "Royal Residence Cup"]
[Site "Zhovkva UKR"]
[Date "2010.06.14"]
[Round "7"]
[White "Paci,C"]
[Black "Meleshko,V"]
[Result "1-0"]
[WhiteElo "2352"]
[BlackElo "2215"]

1.Nf3 c5 2.c4 Nf6 3.Nc3 d5 4.cxd5 Nxd5 5.g3 Nc6 6.Bg2 e5 7.Nxe5 Nxc3 8.Bxc6+ bxc6
9.dxc3 Qxd1+ 10.Kxd1 Be6 11.f3 f6 12.Nd3 Rb8 13.Kc2 Be7 14.e4 O-O 15.Be3 Rb5
16.Nf4 Bf7 17.b3 c4 18.b4 a5 19.a4 Re5 20.bxa5 g5 21.Ne2 g4 22.Nd4 gxf3 23.Nxc6 Rxe4
24.Rhe1 Ra8 25.Bb6 Bg6 26.Kd2 Bd6 27.Nd4 Bf8 28.Rxe4 Bxe4 29.Ke3 Re8 30.Kf2 f5
31.Nxf3 Bg7 32.Rc1 Bd3 33.Re1 Ra8 34.Ne5 Bxe5 35.Rxe5 Kf7 36.Ke3 Kf6 37.Kd4 h5
38.Re1 Rc8 39.a6 Be4 40.a7 Ke6 41.Bc7 Kd7 42.Rxe4 Kxc7 43.Re7+ Kb6 44.Rf7 h4
45.gxh4 Re8 46.h5 f4 47.h6 f3 48.h7 f2 49.Rxf2 Kxa7 50.Rf6  1-0

[Event "14th Master Open"]
[Site "Voronezh RUS"]
[Date "2010.06.16"]
[Round "5"]
[White "Zakhartsov,Vi"]
[Black "Gabrielian,A"]
[Result "1-0"]
[WhiteElo "2586"]
[BlackElo "2557"]

1.Nf3 Nf6 2.c4 c5 3.Nc3 e6 4.g3 b6 5.Bg2 Bb7 6.O-O d6 7.Re1 Nbd7 8.e4 a6
9.d4 cxd4 10.Nxd4 Qc7 11.Nd5 exd5 12.exd5+ Ne5 13.f4 O-O-O 14.fxe5 dxe5 15.Nf3 Bc5+
16.Kh1 Rhe8 17.Bg5 Kb8 18.Nxe5 Ka7 19.Bxf6 gxf6 20.Nd3 Bd6 21.Rc1 h5 22.b4 Rg8
23.Re3 h4 24.c5 hxg3 25.cxd6 Qxd6 26.h3 Rg5 27.Qc2 Rd7 28.Ne1 Qxb4 29.Qc3 Qf4
30.Rb1 b5 31.Rf3 Qd6 32.Qe3+ Ka8 33.Qf4 Re5 34.Qxf6 Qxd5 35.Rxg3 Qxa2 36.Qxe5 Bxg2+
37.Rxg2  1-0

[Event "14th Master Open"]
[Site "Voronezh RUS"]
[Date "2010.06.18"]
[Round "6"]
[White "Gubaydulin, Talgat"]
[Black "Nikolaeva,A2"]
[Result "1-0"]
[WhiteElo "2298"]
[BlackElo "2208"]

1.Nf3 e6 2.c4 c5 3.Nc3 Nf6 4.g3 b6 5.Bg2 Bb7 6.O-O a6 7.d4 cxd4 8.Qxd4 Nc6
9.Qf4 Be7 10.Rd1 O-O 11.b3 Rb8 12.Bb2 Ba8 13.Rac1 b5 14.Nd5 bxc4 15.Nxe7+ Qxe7
16.Qxc4 a5 17.Ne5 Nb4 18.a3 Nbd5 19.Qc2 Nb6 20.Bh3 d5 21.Qc7 Qxc7 22.Rxc7 Na4
23.Bd4 Rxb3 24.Nxf7 Ne8 25.Nh6+ Kh8 26.Nf7+ Kg8 27.Nh6+ Kh8 28.Rdc1 Nf6 29.Nf7+ Kg8
30.Bxe6 Re8 31.Ng5+ Rxe6 32.Nxe6  1-0

[Event "Open"]
[Site "Eforie Nord ROU"]
[Date "2010.06.19"]
[Round "2"]
[White "Itkis,B"]
[Black "Baciu,A"]
[Result "1-0"]
[WhiteElo "2434"]
[BlackElo "2167"]

1.Nf3 Nf6 2.c4 e6 3.Nc3 c5 4.d4 cxd4 5.Nxd4 a6 6.e4 Qc7 7.Bd3 d6 8.O-O Be7
9.Be3 b6 10.Rc1 Bb7 11.f4 g6 12.b4 Nbd7 13.Nd5 exd5 14.cxd5 Qb8 15.Nc6 Bxc6
16.dxc6 Nf8 17.c7 Qc8 18.e5 dxe5 19.fxe5 N6d7 20.Qf3 Nxe5 21.Qxa8 Qxa8 22.c8=Q+ Qxc8
23.Rxc8+ Kd7 24.Bxa6 Bxb4 25.Bd4 Bc5 26.Rxc5  1-0

[Event "Open"]
[Site "Teplice CZE"]
[Date "2010.06.19"]
[Round "8"]
[White "Kovar,Jo"]
[Black "Mojzis,Jar"]
[Result "1-0"]
[WhiteElo "2024"]
[BlackElo "2205"]

1.Nf3 Nf6 2.c4 c5 3.Nc3 e6 4.g3 b6 5.Bg2 Bb7 6.O-O Be7 7.b3 d6 8.Bb2 Nbd7
9.d4 cxd4 10.Qxd4 a6 11.Rad1 O-O 12.Rfe1 Re8 13.e4 Qc8 14.h3 Bf8 15.Nh2 Rb8
16.Ng4 Nxg4 17.hxg4 h6 18.Kh2 Bc6 19.g5 hxg5 20.Rh1 b5 21.cxb5 axb5 22.Qd2 Be7
23.Ne2 Qb7 24.f3 g4 25.Kg1 gxf3 26.Rh8+  1-0

[Event "Open"]
[Site "Eforie Nord ROU"]
[Date "2010.06.24"]
[Round "8"]
[White "Chatalbashev,B"]
[Black "Vocaturo,D"]
[Result "1/2-1/2"]
[WhiteElo "2593"]
[BlackElo "2493"]

1.c4 c5 2.Nf3 Nf6 3.Nc3 e6 4.d4 cxd4 5.Nxd4 Bb4 6.g3 Ne4 7.Qd3 Nxc3 8.bxc3 Be7
9.Bg2 a6 10.O-O Nc6 11.Bf4 g5 12.Be3 Ne5 13.Qe4 d6 14.Nf3 f5 15.Qd4 Nf7 16.Rab1 Bf6
17.Qd2 Qe7 18.Nd4 Ne5 19.Qc2 O-O 20.Qb3 Nd7 21.Qa3 Ne5 22.Qb3 Rf7 23.Rfd1 Kh8
24.Nf3 Nd7 25.Qa3 Nc5 26.Nd2 Qc7 27.Nb3 Be7 28.Bxc5 dxc5 29.Qa5 b6 30.Qa4 Ra7
31.Qc6 Qxc6 32.Bxc6 Rc7 33.Bg2 Bd7 34.Rd2 Rf8 35.Rbd1 Ba4 36.e4 Kg7 37.exf5 exf5
38.Re2 Rf6 39.Bd5 Be8 40.Rde1 Kf8 41.Nd2 Bh5 42.Nf3 h6 43.Rb2 Rd7 44.Ne5 Rdd6
45.a4 a5 46.f4 Bd8 47.fxg5 hxg5 48.Rf2 Be8 49.Nf3 Rh6 50.Re5 Bd7 51.Nd2 Rdf6
52.Nf3 Rhg6 53.Ra2 Rg7 54.Kg2 Rh6 55.Rf2 Bf6 56.Ree2 Re7 57.Rxe7 Kxe7 58.Ra2 Kd6
59.Ra3 Rh8 60.Rb3 Kc7 61.Ra3 Rh7 62.Ra2 Re7 63.h4 g4 64.Ng5 Bxc3 65.h5 Bg7
66.Rf2 Bd4 67.Ra2 Be3 68.Nf7 Be8 69.Re2 Bxf7 70.Bxf7 Rxf7 71.Rxe3 Rh7 72.Re6 Rxh5
73.Rf6 Kb7 74.Rf7+ Kc6 75.Rf6+ Kc7 76.Kg1 Rh7 77.Rxf5 Rd7 78.Rf4 Rd4 79.Kf2 Kd6
80.Ke3 Rd1 81.Rxg4 Ra1 82.Ke4 Rxa4 83.Rg6+ Kc7 84.Kd5 Ra3 85.Rg7+ Kd8 86.Kc6 Rb3
87.Ra7 Ke8 88.g4 Kf8 89.g5 Kg8 90.Kd6 Rb4 91.Kd5 a4 92.Kc6 Kf8 93.Kd5 Kg8
94.Kc6  1/2-1/2

[Event "IsBank TCh-TUR"]
[Site "Konya TUR"]
[Date "2010.06.30"]
[Round "3"]
[White "Yilmazyerli,M"]
[Black "Acarbay,Ay"]
[Result "1-0"]
[WhiteElo "2295"]
[BlackElo "1885"]

1.Nf3 Nf6 2.c4 c5 3.Nc3 e6 4.d4 cxd4 5.Nxd4 a6 6.g3 Nc6 7.Bg2 Bc5 8.e3 O-O
9.O-O Ba7 10.b3 d5 11.Nxc6 bxc6 12.Ba3 Re8 13.Rc1 Bb7 14.Na4 Nd7 15.Qd2 Rc8
16.Rfd1 Qf6 17.Qb4 Ba8 18.Bb2 Qh6 19.Qd2 Nf6 20.Bd4 Bxd4 21.Qxd4 c5 22.Qd2 Ng4
23.h3 Ne5 24.Nb6 Rb8 25.Nxa8 Rxa8 26.cxd5 exd5 27.Qxd5 Qf6 28.Qxc5 Rad8 29.Qc2 h5
30.Rxd8 Rxd8 31.Rd1 Re8 32.Qe4 Rc8 33.Qf4 Qe7 34.Qf5 Rc7 35.Bd5 g6 36.Qe4 Qf6
37.Kg2 Kg7 38.f4 Nd7 39.Kf3 Kh7 40.Qd4 Qf5 41.g4 Qc2 42.Qd2 Qc5 43.gxh5 Nf6
44.hxg6+ fxg6 45.Qd4 Qc2 46.Be6 Ne4 47.Bc4 Re7 48.Be2 Ng5+ 49.fxg5 Rf7+ 50.Kg3 Qxe2
51.Qh4+ Kg7  1-0

[Event "1st Open"]
[Site "Marrakesh MAR"]
[Date "2010.06.30"]
[Round "7"]
[White "Krasenkow,M"]
[Black "Strikovic,A"]
[Result "1/2-1/2"]
[WhiteElo "2628"]
[BlackElo "2557"]

1.Nf3 c5 2.c4 Nf6 3.Nc3 g6 4.d4 cxd4 5.Nxd4 Bg7 6.e4 d6 7.Be2 O-O 8.O-O Nc6
9.Be3 Bd7 10.f4 Rc8 11.Kh1 a6 12.Rc1 Nxd4 13.Bxd4 Bc6 14.Qd3 b5 15.cxb5 axb5
16.b4 Qd7 17.Nd5 Qb7 18.Bxf6 Bxf6 19.Nxf6+ exf6 20.Bf3 f5 21.exf5 Bxf3 22.gxf3 Qd7
23.Rxc8 Rxc8 24.Rg1 Kf8 25.fxg6 hxg6 26.Rg5 Rc4 27.f5 Qe7 28.Rg1 g5 29.a4 Qf6
30.axb5 Rxb4 31.Rg4 Rb1+  1/2-1/2

[Event "5th Open"]
[Site "Wroclaw POL"]
[Date "2010.07.01"]
[Round "8"]
[White "Laurusas,T"]
[Black "Feuerstack,A"]
[Result "0-1"]
[WhiteElo "2222"]
[BlackElo "2371"]

1.c4 Nf6 2.Nf3 c5 3.Nc3 e6 4.g3 b6 5.Bg2 Bb7 6.O-O Be7 7.Re1 Ne4 8.Nxe4 Bxe4
9.a3 Bb7 10.e4 Nc6 11.d4 cxd4 12.Nxd4 Nxd4 13.Qxd4 O-O 14.b3 Qc7 15.Bb2 Bf6
16.e5 Be7 17.Bxb7 Qxb7 18.Rad1 Rfd8 19.a4 a6 20.Bc3 Qc6 21.Re2 Bc5 22.Qg4 b5
23.b4 Bf8 24.axb5 axb5 25.c5 Ra3 26.Bd2 Rda8 27.Bc1 Rb3 28.Qd4 Ra7 29.Rb2 Rba3
30.Be3 Be7 31.Qg4 R3a4 32.Rbd2 Ra2 33.Rxa2 Rxa2 34.Qd4 Ra7 35.h4 Kf8 36.h5 Ke8
37.Qd3 h6 38.Qh7 Bf8 39.Qd3 Ra4 40.Rb1 Qa6 41.c6 dxc6 42.Rd1 Qc8 43.Qh7 Rxb4
44.Bb6 c5 45.Qg8 Rd4 46.Rc1 Rc4 47.Rd1 Rd4 48.Ra1 Qc6 49.Kh2 Qxb6 50.Ra8+ Rd8  0-1

[Event "IsBank TCh-TUR"]
[Site "Konya TUR"]
[Date "2010.07.05"]
[Round "9"]
[White "Savchenko,B"]
[Black "Yeke,S"]
[Result "1-0"]
[WhiteElo "2642"]
[BlackElo "2321"]

1.c4 Nf6 2.Nf3 c5 3.Nc3 e6 4.d4 cxd4 5.Nxd4 a6 6.g3 Qc7 7.Bg2 Nc6 8.O-O Bc5
9.Bf4 d6 10.Nb3 Ne5 11.Nxc5 dxc5 12.Ne4 Nxe4 13.Bxe4 h6 14.Qa4+ Ke7 15.Rad1 Rb8
16.b4 f6 17.bxc5 Qxc5 18.Be3 Qxc4 19.Qa3+ Kf7 20.Qd6 Bd7 21.Rd4 Qxe2 22.Qc7 Rhd8
23.Bf4 Rbc8 24.Qxb7 Qb5 25.Rfd1 Qxb7 26.Bxb7 Rc7 27.Bxa6 Nf3+ 28.Kg2 Nxd4
29.Bxc7 Bc6+ 30.Kf1 Rd7 31.Bb6 e5 32.Rc1 Bd5 33.a4 Nf3 34.h4 h5 35.Bb5 Rb7
36.a5 Nd4 37.Bd3 g5 38.Rc8 gxh4 39.Rh8 Nf3 40.Ke2 e4  1-0

[Event "ch-SWE Mastarklassen"]
[Site "Lund SWE"]
[Date "2010.07.05"]
[Round "3"]
[White "Wengholm,A"]
[Black "Van der Wal,A"]
[Result "1-0"]
[WhiteElo "2159"]
[BlackElo "215"]

1.Nf3 Nf6 2.c4 c5 3.Nc3 g6 4.e4 d6 5.d4 cxd4 6.Nxd4 Bg7 7.Be2 Nc6 8.Be3 O-O
9.O-O Bd7 10.Qd2 Rc8 11.f3 Re8 12.Rfc1 Nxd4 13.Bxd4 a6 14.Rab1 Qc7 15.b3 Qb8
16.a4 Bc6 17.a5 e5 18.Be3 Red8 19.b4 Bd7 20.Nd5 Nxd5 21.exd5 f5 22.b5 Qa8
23.bxa6 bxa6 24.Rb6 Bf8 25.f4 exf4 26.Bd4 Re8 27.Rcb1 Re4 28.Bf3 Rxd4 29.Qxd4 Bg7
30.Qd2 Qa7 31.Kh1 Qc7 32.Rb7 Qd8 33.Qb4 Be5 34.Rb8 Kg7 35.Rxc8 Bxc8 36.c5 g5
37.c6 g4 38.Qb6 Qe8 39.Qc7+ Kh6 40.Rf1 gxf3 41.gxf3 Qg8 42.Qe7 Qxd5 43.h4  1-0

[Event "ch-SWE Mastarklassen"]
[Site "Lund SWE"]
[Date "2010.07.06"]
[Round "4"]
[White "Wengholm,A"]
[Black "Astrom,G"]
[Result "1/2-1/2"]
[WhiteElo "2159"]
[BlackElo "2267"]

1.Nf3 c5 2.c4 Nf6 3.Nc3 e6 4.g3 b6 5.Bg2 Bb7 6.O-O Be7 7.Re1 Ne4 8.Nxe4 Bxe4
9.d3 Bb7 10.e4 d6 11.d4 cxd4 12.Nxd4 O-O 13.b3 a6 14.a4 Qc7 15.Ba3 Nd7 16.Bb4 Rfc8
17.Ra2 Bf8 18.a5 bxa5 19.Bxa5 Qb8 20.h3 Ra7 21.Rb2 Ba8 22.Qe2 g6 23.Reb1 Bg7
24.Qe3 Ne5 25.Bc3  1/2-1/2

[Event "Heart of Finland"]
[Site "Jyvaskyla FIN"]
[Date "2010.07.07"]
[Round "4"]
[White "Vul,A"]
[Black "Novik,Ma"]
[Result "1/2-1/2"]
[WhiteElo "2289"]
[BlackElo "2475"]

1.Nf3 c5 2.c4 Nf6 3.Nc3 e6 4.g3 d5 5.cxd5 exd5 6.d4 Be7 7.Bg2 O-O 8.O-O Nc6
9.dxc5 Bxc5 10.Bg5 d4 11.Ne4 Be7 12.Bxf6 Bxf6 13.b4 a6  1/2-1/2

[Event "IsBank TCh-TUR"]
[Site "Konya TUR"]
[Date "2010.07.07"]
[Round "12"]
[White "Pantsulaia,L"]
[Black "Ergonen,A"]
[Result "1-0"]
[WhiteElo "2587"]
[BlackElo "1995"]

1.Nf3 c5 2.c4 Nf6 3.Nc3 g6 4.d4 Bg7 5.e4 cxd4 6.Nxd4 O-O 7.Be3 d6 8.Be2 Nc6
9.O-O Bd7 10.f3 a6 11.Qd2 Rc8 12.Rfd1 Ne5 13.b3 Nc6 14.Rac1 Qa5 15.Nxc6 Bxc6
16.Nd5 Qd8 17.Nb6 Rb8 18.a4 Nd7 19.a5 Nxb6 20.Bxb6 Qe8 21.c5 dxc5 22.Rxc5 e5
23.Bc7 Rc8 24.Bd6 f5 25.Bxf8 Bxf8 26.Rc4 fxe4 27.fxe4 Be7 28.Bg4 Rd8 29.Be6+ Kg7
30.Bd5 Bb5 31.Rc7 Rd7 32.Qc3 Bd6 33.Rxb7 Rxb7 34.Bxb7 Qe7 35.Bd5 Bb4 36.Qc8 Qa7+
37.Kh1 Qf2 38.Bc4 Bxa5 39.Bxb5 axb5 40.Rd7+ Kh6 41.Qc1+ g5 42.Qc6+ Kh5 43.Rxh7+ Kg4
44.Qe6+  1-0

[Event "XXXIII Open"]
[Site "Barbera del Valles ESP"]
[Date "2010.07.08"]
[Round "5"]
[White "Tarrago Antoni,M"]
[Black "Mihailovs,J"]
[Result "0-1"]
[WhiteElo "2258"]
[BlackElo "2405"]

1.Nf3 c5 2.c4 Nf6 3.Nc3 b6 4.g3 Bb7 5.Bg2 g6 6.O-O Bg7 7.d4 cxd4 8.Qxd4 d6
9.Qh4 h6 10.Rd1 Nbd7 11.Nd4 Bxg2 12.Kxg2 Rc8 13.b3 Rc5 14.g4 Qa8+ 15.f3 a6
16.Na4 Rc8 17.Be3 e5 18.Nc2 b5 19.Nb2 d5 20.Rac1 bxc4 21.bxc4 d4 22.Bf2 O-O
23.e3 Rb8 24.Rb1 d3 25.Nxd3 Rxb1 26.Rxb1 e4 27.Nde1 exf3+ 28.Nxf3 Qe4 29.Rc1 Ne5
30.Ne1 Nfxg4 31.h3 g5 32.Qg3 Nxf2 33.Kxf2 Nxc4 34.Ng2 Nb2 35.Nge1 Re8 36.Nd2 Qd5
37.Nb3 Nd1+ 38.Rxd1 Qxd1  0-1

[Event "ch-SWE"]
[Site "Lund SWE"]
[Date "2010.07.09"]
[Round "7"]
[White "Semcesen,D"]
[Black "Eriksson,A"]
[Result "1-0"]
[WhiteElo "2420"]
[BlackElo "2311"]

1.c4 Nf6 2.Nc3 c5 3.Nf3 e6 4.g3 b6 5.Bg2 Bb7 6.O-O Be7 7.d4 cxd4 8.Qxd4 O-O
9.Rd1 d6 10.Bg5 Nbd7 11.Nb5 d5 12.cxd5 Bxd5 13.Nc3 Bc6 14.Rac1 Rc8 15.b4 h6
16.Bf4 a6 17.a3 a5 18.Ne1 Bxg2 19.Kxg2 axb4 20.axb4 Rc6 21.b5 Rc5 22.Nd3 Qa8+
23.f3 Rcc8 24.e4 Rfd8 25.Qa4 Qxa4 26.Nxa4 Rxc1 27.Rxc1 Ra8 28.Rc4 Ra5 29.Nc3 Ra3
30.Be3 Rb3 31.Kf2 Ne8 32.Rc8 Kf8 33.Ke2 f5 34.e5 g5 35.g4 fxg4 36.fxg4 Bb4
37.Ne4 Kf7 38.Bd4 Ba5 39.Nf6 Nexf6 40.exf6 Rxb5 41.Rc7 Rd5 42.Ne5+  1-0

[Event "ch-SWE Mastarklassen"]
[Site "Lund SWE"]
[Date "2010.07.09"]
[Round "7"]
[White "Eriksson,L"]
[Black "Karle,M"]
[Result "0-1"]
[WhiteElo "2050"]
[BlackElo "2079"]

1.c4 Nf6 2.Nf3 c5 3.Nc3 d5 4.cxd5 Nxd5 5.g3 Nc6 6.Bg2 Nc7 7.d3 e5 8.O-O Be7
9.Be3 Bd7 10.Rc1 O-O 11.h4 Rb8 12.a3 Kh8 13.Nd2 Be6 14.Na4 Bd5 15.Bxd5 Qxd5
16.Bxc5 f5 17.Bxe7 Nxe7 18.Rc5 Qd8 19.Nf3 b6 20.Rc1 f4 21.Qd2 fxg3 22.fxg3 Nf5
23.Kh2 Qd6 24.Qb4 Qg6 25.Ng5 Nd5 26.Qb5 Nde3 27.Rf3 h6 28.Rc6 Rf6 29.Qxe5 Ng4+  0-1

[Event "Open A"]
[Site "Oberwart AUT"]
[Date "2010.07.13"]
[Round "1"]
[White "Kessler,L"]
[Black "Stanec,N"]
[Result "1/2-1/2"]
[WhiteElo "2097"]
[BlackElo "2548"]

1.Nf3 Nf6 2.c4 c5 3.Nc3 b6 4.g3 Bb7 5.Bg2 g6 6.O-O Bg7 7.Re1 d6 8.e4 e5 9.d3 O-O
10.Ng5 h6 11.Nh3 Nc6 12.f4 exf4 13.gxf4 Nd4 14.Be3 Nh5 15.Ne2 Qd7 16.Bxd4 cxd4
17.Ng3 Nf6 18.Nf2 Rae8 19.a4 h5 20.Ne2 Ng4 21.Nxg4 Qxg4 22.Rf1 f5 23.Ng3 Qxd1
24.Raxd1 h4 25.Ne2 fxe4 26.dxe4 Bxe4 27.Nxd4 Bxg2 28.Kxg2 Re4 29.Nb5 Rxc4
30.Rxd6 g5 31.f5 g4 32.f6 Bh6 33.Rd4 Rxd4 34.Nxd4 Kf7 35.Nc6  1/2-1/2

[Event "Aegean Open"]
[Site "Agios Kirykos GRE"]
[Date "2010.07.14"]
[Round "2"]
[White "Simeonidis,I"]
[Black "Zervogiannis,A"]
[Result "1-0"]
[WhiteElo "2259"]
[BlackElo "1761"]

1.Nf3 Nf6 2.c4 c5 3.Nc3 g6 4.d4 cxd4 5.Nxd4 Qb6 6.e4 d6 7.Be2 Bg7 8.Nb3 Nc6
9.O-O O-O 10.Be3 Qd8 11.f3 Bd7 12.Qd2 Rc8 13.Rac1 Ne8 14.Rfd1 f5 15.c5 Kh8
16.cxd6 Nxd6 17.Nc5 Ne5 18.Nxd7 Nxd7 19.exf5 Rxf5 20.b3 Nb6 21.f4 Rf8 22.Bg4 Nf5
23.Qxd8 Rfxd8 24.Rxd8+ Rxd8 25.Bxf5 gxf5 26.Nb5 Nd5 27.Rd1 a6 28.Nc7 Rd7
29.Rxd5  1-0

[Event "Lake Sevan GM"]
[Site "Martuni ARM"]
[Date "2010.07.14"]
[Round "4"]
[White "Matlakov,M"]
[Black "Ponkratov,P"]
[Result "1/2-1/2"]
[WhiteElo "2603"]
[BlackElo "2604"]

1.c4 Nf6 2.Nc3 c5 3.Nf3 e6 4.g3 b6 5.Bg2 Bb7 6.O-O Ne4 7.Nxe4 Bxe4 8.d3 Bb7
9.e4 Be7 10.Re1 O-O 11.d4 cxd4 12.Nxd4 Nc6 13.b3 Nxd4 14.Qxd4 Bc5 15.Qd3 Qc7
16.Be3 Be7 17.Red1 Bc6 18.Rac1 Qb7  1/2-1/2